| 000 | 01414nam a2200229Ia 4500 | ||
|---|---|---|---|
| 003 | Ost | ||
| 005 | 20260507075427.0 | ||
| 008 | 260507s9999||||xx |||||||||||||| ||und|| | ||
| 040 | _cfsecg | ||
| 041 | _aara | ||
| 082 | _a657.7 | ||
| 100 |
_aالشنطي، ايمن _eمؤلف |
||
| 245 | 0 |
_aالمحاسبة الادارية / _c ايمن الشنطي |
|
| 260 |
_aعمان: _bدار البداية, _c2005 |
||
| 300 |
_a346 صفحة؛ _bإيضاحات ؛ _c24 سم |
||
| 504 | _aببليوغرافيا: ص.345 | ||
| 520 | _aنشأة المحاسبة وتطورها، الحسابات الختامية والميزانية العمومية، التحليل المالي، قائمة التدفقات النقدية، مقدمة للمحاسبة الادارية، الميزانيات التقديرية، ادارة وتخطيط المخزون، تصنيفات التكاليف وتقديرها، التكاليف والايرادات الملائمة لاتخاذ القلرارات الادارية، التكاليف المعيارية والانحرافات، تحليل العلاقة بين التكلفة والحجم والربح (نقطة تعادل)، توزيع التكاليف، استخدام التكاليف في قرارات التسعير | ||
| 653 | _aالإدارة | ||
| 653 | _aالمحاسبة التحليلية | ||
| 653 | _aالمحاسبة المالية | ||
| 942 | _cكتاب | ||
| 999 |
_c44494 _d44494 |
||